Negeri Thai

Bibliographic Details
Main Author: Muhammad Harun
Format: Book
Published: Selangor : Karisma Publications Sdn Bhd , 2001
Series:Siri negara-negara ASEAN
Subjects:

MARC

LEADER 00000cam a2200000 7i4500
001 0000046950
005 20150412.0
008 150412
020 |a 9789832328186 
020 |a 9832328187 
020 |a 9832328438(set) 
090 0 0 |a 959.3   |b MUH 
100 1 |a Muhammad Harun 
245 1 0 |a Negeri Thai   |c Muhammad Harun 
260 |a Selangor :   |b Karisma Publications Sdn Bhd ,   |c 2001 
490 1 |a Siri negara-negara ASEAN 
650 0 |a Thailand 
999 |a 0000876758   |b Book   |c Adult Collection   |e Cawangan Tmn. Ungku Tun Aminah 
999 |a 0000876759   |b Book   |c Adult Collection   |e Cawangan Mersing 
999 |a 0000876761   |b Book   |c Adult Collection   |e Cawangan Segamat 
999 |a 0000876763   |b Book   |c Adult Collection   |e Cawangan Pontian 
999 |a 0000876765   |b Book   |c Adult Collection   |e Cawangan Muar 
999 |a 000876760   |b Book   |c Adult Collection   |e Cawangan Batu Pahat